La explotación perlífera en Centro y Suramérica una lectura desde la historia ambiental
Gardado en:
| Autor Principal: | |
|---|---|
| Formato: | Desconocido |
| Idioma: | Spanish |
| Publicado: |
San José, Costa Rica
Editorial de la Universidad de Costa Rica
2014
|
| Series: | Colección nueva historia
|
| Etiquetas: |
Engadir etiqueta
Sen Etiquetas, Sexa o primeiro en etiquetar este rexistro!
|
MARC
| LEADER | 00000 a2200000 4500 | ||
|---|---|---|---|
| 008 | 140317s2014 c a|||f |||| 000 0 spa d | ||
| 020 | |a 9789968464048 | ||
| 082 | |a 907.207.28 P742p | ||
| 100 | 1 | |a Payne Iglesias, Elizet | |
| 245 | 1 | 3 | |a La explotación perlífera en Centro y Suramérica |b una lectura desde la historia ambiental |c Elizet Payne Iglesias |
| 260 | |a San José, Costa Rica |b Editorial de la Universidad de Costa Rica |c 2014 | ||
| 300 | |a 49-69 páginas | ||
| 490 | 0 | |a Colección nueva historia | |
| 773 | 0 | |d San José, Costa Rica Editorial de la Universidad de Costa Rica |z 9789968464048 |t Poder, economía y relaciones sociales en el Reino de Guatemala | |
| 942 | |2 ddc |c AM | ||
| 999 | |c 3232 |d 3232 | ||



